00825cam a22002414a 45000010009000000050017000090080041000260100017000670200025000840200025001090400013001340500021001471000032001682450068002002600040002683000036003084900029003445040064003736000051004376500033004886500023005217000039005441632629920200421093816.0100702s2009 enka b 001 0 eng  a 2010497538 a9781408119488 (hbk.) a9781904271512 (pbk.) aDLCcDLC00aPR3184b.D8 20091 aWebster, John,d1580?-1625?14aThe Duchess of Malfi /cJohn Webster ; edited by Leah S. Marcus aLondon :bArden Shakespeare,c2009. axviii, 430 p. :bill. ;c21 cm.0 aArden early modern drama aIncludes bibliographical references (p. 406-420) and index.10aWebster, John,d1580?-1625?tDuchess of Malfi. 0aBrothers and sistersvDrama. 0aRetributionvDrama1 aMarcus, Leah S.q(Leah Sinanoglou)